00859nam a22002177a 4500003000500000005001700005008004100022010001000063011001000073035001100083040000900094100003300103245022100136260004000357300002500397502010000422650002600522650002800548650003700576650002800613CHAP20220329143522.0100326s2009 mx r 00010 spa d a97904 a98876 a109561 cCHAP1 aPeña Flores, Lucy Araceli.10aAnálisis de la contribución al deteriodo ambiental de las actividades económicas, con base en el sistema de cuentas económicas y ecológicas de México en el periodo 1985-2006c/por Lucy Areli Peña Flores aChapingo, Méx. :bEl autor,c2009 av, 72 h. :bgráfs. aTesis (M.C. en Agroforestería para el Desarrrollo Sostenible) -- UACH. Departamento de Suelos14aEconomía ambiental.14aEconomía ecológica.14aMedio ambientexContaminación.14aProducto interno bruto.